Największe miasta w Rosji - Statystyki

Ogólne statystyki
  • Ten quiz został rozwiązany 272 razy
  • Średni wynik to 14 z 30
Statystyki odpowiedzi
LP Liczba ludności Miasto % Poprawnych
1. 12.678.100 Moskwa
99%
2. 5.398.100 Sankt Petersburg
78%
5. 1.257.200 Kazań
75%
15. 1.009.000 Wołgograd
69%
26. 606.600 Władywostok
66%
10. 1.137.900 Rostów Nad Donem
65%
3. 1.625.600 Nowosybirsk
63%
4. 1.493.700 Jekaterynburg
61%
9. 1.154.500 Omsk
61%
6. 1.252.400 Niżny Nowogród
59%
11. 1.128.800 Ufa
58%
8. 1.156.700 Samara
54%
7. 1.196.700 Czelabińsk
53%
16. 932.600 Krasnodar
53%
23. 623.600 Irkuck
51%
14. 1.055.400 Perm
51%
13. 1.058.300 Woroneż
45%
12. 1.093.800 Krasnojarsk
41%
17. 838.000 Saratów
39%
25. 608.300 Jarosław
34%
18. 807.300 Tiumeń
30%
28. 576.600 Tomsk
28%
27. 603.500 Machaczkała
27%
20.. 648.100 Iżewsk
20%
29. 572.200 Orenburg
20%
19. 699.400 Toljatti
20%
22. 627.700 Uljanowsk
18%
24. 616.400 Chabarowsk
16%
21. 632.400 Barnauł
8%
30. 556.400 Kemerowo
8%
Nie znaleziono quizów pasujących do podanych kryteriów
Rozkład punktacji
Procent ludzi z każdym wynikiem
Percentyl według liczby udzielonych odpowiedzi
Twoja historia wyników
Nie rozwiązałeś tego quizu